000 01486nam a22003977a 4500
001 1118693594
003 KWIU
005 20241223103726.0
008 190911t20202020paua ob 000 0 eng d
020 _a9780323930345
_c(volume 1)
040 _cKWIU
080 _a61
_bG-60
100 _964
_alee Goldman
130 0 _aGoldman's Cecil medicine.
245 1 0 _aGoldman-Cecil medicine / 2 vol. set /volume 1
_cedited by Lee Goldman, Andrew I. Schafer.
246 1 _aCecil textbook of medicine.
250 _a27th ed.
260 _aPhiladelphia, PA :
_bElsevier,
_c2024
300 _a1396p. index 91p.
_bill. (some col.) ;
_c29 cm.
500 _aEINSTEIN: Contributors include: Stephen G. Baum, Jill P. Crandall, Harry Shamoon, Allen M. Spiegel.
500 _aEINSTEIN & MMC: available online via Clinical Key. See Reference staff for assistance.
504 _aIncludes bibliographical references.
588 _aDescription based on online resource; title from table of contents page (ClinicalKey, viewed September 13, 2019).
650 2 _aMedicine.
653 _aმედიცინა
655 7 _aElectronic books.
700 1 _aGoldman, Lee
_c(Physician)
700 1 _aSchafer, Andrew I.
700 1 _aBaum, Stephen G.
700 1 _aCrandall, Jill Patricia.
700 1 _aShamoon, Harry.
700 1 _aSpiegel, Allan M.
710 2 _aClinical Key (Online Service)
776 0 8 _iPrint version:
_z9780323532662
_w(OCoLC)1097612635.
942 _2udc
_cBK
_e27
999 _c2262
_d2262